000 00542nam a2200169 i 4500
001 51215
003 ES-MaACL
005 20230906162323.0
007 t|
008 030811s1939 xxk ||||1| eng d
100 1 _aCharlesworth, J.
_938083
245 1 0 _aBrooke's teatrise on the office and practice of a notary of England with a collection of precedents /
_cby J. Charlesworth.
250 _a9th ed.
260 _aLondon :
_bStevens & Sons,
_c1939 (
_fWhitefriars)
300 _aXV, 464 p. ;
_c23 cm.
852 _aES-MaACL
_jC-5531
_bR.25983
999 _c51215
_d51215